Software engineering a practitioner’s approach

Guardat en:
Dades bibliogràfiques
Autor principal: PRESSMAN, Roger S.
Format: Llibre
Idioma:anglès
Publicat: McGraw-Hill Education 2015
Etiquetes: Afegir etiqueta
Sense etiquetes, Sigues el primer a etiquetar aquest registre!

MARC

LEADER 00000nam a22000007a 4500
008 201217b ||||| |||| 00| 0 eng d
020 |a 987-1-259-25315-7 
100 |a PRESSMAN, Roger S. 
245 |a Software engineering  |b a practitioner’s approach  |c Roger S. Pressman, Bruce R. Maxim  |g  xxx, 941p.: ill 
250 |b 8th ed 
260 |b McGraw-Hill Education  |c 2015  |h New York  |i 691181   |i 691182   |l QA.76.758 .P92   |m Software engineering 
500 |a It includes bibliographical references and index 
942 |a lcc  |c BK  |e ADEYEYE Y.S.  |f 17/12/2020 
952 |0 0  |1 0  |2 lcc  |4 0  |7 0  |9 700  |a HOL  |b TL  |c QZ  |d 2020-12-17  |l 0  |o QA.76.758 .P92  |p 2020-229924  |r 2020-12-17 00:00:00  |w 2020-12-17  |y BK 
952 |0 0  |1 0  |2 lcc  |4 0  |7 0  |9 982  |a HOL  |b HOL  |c QZ  |d 2020-12-17  |o QA.76.758 .P92  |p 2020-230207  |r 2020-12-17 00:00:00  |w 2020-12-17  |y BK 
999 |c 393  |d 393